000
00270nam a2200133Ia 4500
100
_a
Symanski Paul
942
_c
BK
654
_a
Wicked Windows
245
_a
Wicked Wiindows
260
_b
Alacus
_a
USA
_c
1993
082
_a
005.3 'W'
546
_a
ENGLISH
999
_c
33577
_d
33577